Statistics for 6 Largest Cities in Vietnam

Click here to take the quiz!

General Stats

  • This quiz has been taken 197 times
  • The average score is 4 of 6

Answer Stats

PopulationAnswer% Correct
7,379,300Hanoi
100%
8,244,400Ho Chi Minh City
99%
1,007,700Da Nang
78%
1,946,000Hai Phong
59%
1,238,300Can Tho
48%
1,104,495Bien Hoa
22%

Score Distribution

Percentile by Number Answered

Percent of People with Each Score

Your Score History

You have not taken this quiz